Cómo instalar sistemas de alta fidelidad / (Record no. 98037)

MARC details
000 -LEADER
campo de control de longitud fija 00654nam a2200205 i 4500
001 - NÚMERO DE CONTROL
campo de control 98037
003 - IDENTIFICADOR DE NÚMERO DE CONTROL
campo de control ES-MaACL
005 - FECHA Y HORA DE LA ÚLTIMA TRANSACCIÓN
campo de control 20230906182214.0
007 - CAMPO FIJO DE DESCRIPCIÓN FÍSICA--INFORMACIÓN GENERAL
campo de control de longitud fija t|
008 - DATOS DE LONGITUD FIJA--INFORMACIÓN GENERAL
campo de control de longitud fija 050721s1971 sp ||||1| spa d
100 1# - ENTRADA PRINCIPAL--NOMBRE DE PERSONA
Nombre de persona Markell, Jeff.
9 (RLIN) 76913
245 10 - MENCIÓN DEL TÍTULO
Título Cómo instalar sistemas de alta fidelidad /
Mención de responsabilidad, etc. Jeff Markell y Jay Stanton; traducido por Fernando Saccone Ramos.
260 ## - PUBLICACIÓN, DISTRIBUCIÓN, ETC.
Lugar de publicación, distribución, etc. Madrid :
Nombre del editor, distribuidor, etc. Paraninfo,
Fecha de publicación, distribución, etc. 1971.
300 ## - DESCRIPCIÓN FÍSICA
Extensión 244 p. con 2 lám. :
Otras características físicas il. ;
Dimensiones 21 cm.
650 #4 - PUNTO DE ACCESO ADICIONAL DE MATERIA--TÉRMINO DE MATERIA
Término de materia o nombre geográfico como elemento de entrada Alta fidelidad.
9 (RLIN) 165395
700 1# - ENTRADA AGREGADA--NOMBRE PERSONAL
Nombre de persona Stanton, Jay.
9 (RLIN) 107912
700 1# - ENTRADA AGREGADA--NOMBRE PERSONAL
Nombre de persona Saccone Ramos, Fernando.
9 (RLIN) 204142
852 ## - LOCALIZACIÓN
Ubicación ES-MaACL
Número de control de estantería C-47802
Sublocalización o colección R.78673
Holdings
Estatus retirado Estado de pérdida Estado de daño No para préstamo Biblioteca de origen Biblioteca actual Ubicación en estantería Fecha de adquisición Fuente de adquisición Total de préstamos Signatura topográfica completa Código de barras Visto por última vez Precio de reemplazo Tipo de ítem Koha
        Biblioteca del Ateneo de Madrid Biblioteca del Ateneo de Madrid Depósito 2 17/01/2008     C-47802 1102342 23/02/2023 23/02/2023 Libro impreso